00519nam a22001817a 450000500170000001000130001702000100003003500130004003700160005304000120006908200170008110000190009824500870011726000370020427000380024130000310027965000270031020170124110100.0 aA-997878 c00.00 aA-997878 bCen Lib/Ret aDPLbEN a615.882bMAK aMakkar, Mohan  aReiki magic :cby Mohan MakkarbUSUI system and creative visualisation exercises / aNew DelhibUBS Publishers c1999 bNew Delhia5, Ansari Roade110002 axv, 210p.:c21cm(Hb)bill. aReiki (Healing system)